书目信息 |
| 题名: |
协同学
|
|
| 作者: | 哈肯 著 ;凌复华 译 | |
| 分册: | ||
| 出版信息: | 上海 上海译文出版社 2001 |
|
| 页数: | 241页 | |
| 开本: | 21cm | |
| 丛书名: | 世纪文库 | |
| 单 册: | ||
| 中图分类: | O415.2 | |
| 科图分类: | ||
| 主题词: | 理论物理学 , 协同学 | |
| 电子资源: | ||
| ISBN: | 7-5327-2613-4 | |
| 000 | 00852nam0 2200277 45 | |
| 001 | 0304220893 | |
| 005 | 20031219104109.7 | |
| 010 | @a7-5327-2613-4@dCNY17.50 | |
| 100 | @a20030422d2001 km y0chiy0120 ea | |
| 101 | 0 | @achi@cger |
| 105 | @aac z 000yy | |
| 200 | 1 | @a协同学@AXie Tong Xue@e大自然构成的奥秘@EDa Zi Ran Gou Cheng De Ao Mi@f(德)哈肯(Haken)著@F(De)Ha Ken(Haken)Zhu@g凌复华译 |
| 210 | @a上海@c上海译文出版社@d2001 | |
| 215 | @a241页@c肖像,插图@d21cm | |
| 225 | @a世纪文库 | |
| 304 | @a书名原文:SYNERGETIK | |
| 320 | @a有书目。 | |
| 410 | @12001 @a世纪文库 | |
| 517 | @a大自然构成的奥秘@ADa Zi Ran Gou Cheng De Ao Mi | |
| 606 | 0 | @a理论物理学 |
| 606 | 0 | @a协同学 |
| 690 | @aO415.2@v4 | |
| 701 | 0 | @a哈肯@bHaken@4著 |
| 702 | 0 | @a凌复华@ALing Fu Hua@4译 |
| 801 | @aCN@bTSTC@c20030422 | |
| 905 | @b323073-077@dO415.2@e71@f5 | |
| 协同学:大自然构成的奥秘/(德)哈肯(Haken)著/凌复华译.-上海:上海译文出版社,2001 |
| 241页:肖像,插图;21cm.-(世纪文库) |
| ISBN 7-5327-2613-4:CNY17.50 |
| ● |
| 相关链接 |
|
|
|
|
正题名:协同学
索取号:O415.2/71
 
预约/预借
| 序号 | 登录号 | 条形码 | 馆藏地/架位号 | 状态 | 备注 |
| 1 | 0323073 | 203230734 | 第三借阅区/ [索取号:O415.2/71] | 在馆 | |
| 2 | 0323074 | 203230743 | 第三借阅区/ [索取号:O415.2/71] | 在馆 | |
| 3 | 0323075 | 203230752 | 第三借阅区/ [索取号:O415.2/71] | 在馆 | |
| 4 | 0323076 | 203230761 | 第三借阅区/ [索取号:O415.2/71] | 在馆 | |
| 5 | 0323077 | 203230770 | 第二样本阅览室/ [索取号:O415.2/71] | 在馆 |